Novel Financial Applications of Machine Learning and Deep Learning

Guardat en:
Dades bibliogràfiques
Autor principal: Abedin
Format: Llibre
Publicat: Springer
Matèries:
Etiquetes: Afegir etiqueta
Sense etiquetes, Sigues el primer a etiquetar aquest registre!

MARC

LEADER 00000nam a2200000Ia 4500
005 20260427112650.0
526 |b FinTech 
100 |a Abedin 
020 |a 9783031185519 
650 |a ML Finance 
526 |a Masters 
942 |c BK 
245 |a Novel Financial Applications of Machine Learning and Deep Learning 
260 |b Springer 
999 |c 32  |d 32 
952 |0 0  |1 0  |4 0  |7 0  |8 3  |a BRISTOL  |b BRISTOL  |d 2026-04-22  |l 0  |p 000099  |r 2026-04-27 11:26:50  |w 2026-04-27  |y BK